Hermenêutica e Aplicação do Direito.
Na minha lista:
| Autor principal: | |
|---|---|
| Formato: | Livro |
| Idioma: | espanhol |
| Publicado em: |
Rio de Janeiro, Brazil:
Forense,
1981.
|
| Edição: | 9a. edição / 2ª. tiragem. |
| Assuntos: | |
| Tags: |
Adicionar Tag
Sem tags, seja o primeiro a adicionar uma tag!
|
MARC
| LEADER | 00000nam a22000007a 4500 | ||
|---|---|---|---|
| 003 | CL-VaPUC | ||
| 005 | 20241220120941.0 | ||
| 008 | 241202t1981 ||||| |||| 00| 0 spa d | ||
| 999 | |c 446023 |d 446021 | ||
| 040 | |c Pontificia Universidad Católica de Valparaíso | ||
| 082 | |2 22 |a 340.11 PER 1981 | ||
| 100 | |9 894344 |a Pereira dos Santos, Carlos Maximiliano |e autor | ||
| 245 | |a Hermenêutica e Aplicação do Direito. | ||
| 250 | |a 9a. edição / 2ª. tiragem. | ||
| 260 | |a Rio de Janeiro, Brazil: |b Forense, |c 1981. | ||
| 300 | |a 426 páginas. | ||
| 500 | |a c.1: Donación. Memo DER N° 046. 28-12-2024. | ||
| 583 | |c 20241202 |k Yessy Sthefany Diaz Vidal | ||
| 650 | 0 | |9 380798 |a Hermenéutica jurídica |x Filosofía e interpretación | |
| 650 | 0 | |9 255050 |a Filosofía del derecho |x Derecho mercantil, penal, etc. | |
| 942 | |2 ddc |c BK | ||
| 952 | |0 0 |1 0 |2 ddc |4 0 |6 340_110000000000000_PER_1981 |7 0 |8 A |9 598381 |a BIBDER |b BIBDER |d 2024-12-02 |e Donación |i 5663483 |o 340.11 PER 1981 |p 5663483 |r 2024-12-02 |t 1 |w 2024-12-02 |y BK |k DER | ||